[Event "43. Olimpiada Batumi 2018 Femenina"]
[Site "Batumi GEO"]
[Date "2018.10.05"]
[Round "11.2"]
[White "Janzelj, Lara"]
[Black "Gara, Anita"]
[Result "0-1"]
[WhiteElo "2254"]
[BlackElo "2370"]
[PlyCount "112"]
[EventDate "2018.09.24"]
[EventType "team-swiss"]
[EventRounds "11"]
[EventCountry "GEO"]
[SourceTitle "Ajedrez en Madrid"]
[Source "lmi"]
[SourceDate "2018.09.24"]
[WhiteTeam "Slovenia"]
[BlackTeam "Hungary"]
[WhiteTeamCountry "SLO"]
[BlackTeamCountry "HUN"]

1. d4 Nf6 2. c4 g6 3. Nc3 d5 4. cxd5 Nxd5 5. e4 Nxc3 6. bxc3 Bg7 7. Qa4+ Nd7 8.
Nf3 O-O 9. Be2 Nb6 10. Qa3 Qd6 11. O-O Be6 12. Nd2 Rfe8 13. Qa5 Bd7 14. f4
Bxd4+ 15. cxd4 Qxd4+ 16. Kh1 Qxa1 17. e5 Qd4 18. Nf3 Qd5 19. Qc3 Bb5 20. Bxb5
Qxb5 21. Rg1 Rad8 22. Ng5 Rd3 23. Qe1 h6 24. Nf3 Red8 25. Qh4 Rd1 26. Qxe7 Qd7
27. Qh4 h5 28. Be3 Nc4 29. Bf2 Qf5 30. h3 a5 31. Kh2 R1d3 32. Re1 Nd2 33. Ng5
Re8 34. Rc1 c6 35. Bg1 Ne4 36. Nf3 Red8 37. Re1 Rd1 38. Re2 Nc3 39. Re3 R8d3
40. e6 Rxe3 41. exf7+ Qxf7 42. Bxe3 Nd5 43. Ne5 Qf6 44. Qg3 Nxe3 45. Qxe3 Kg7
46. Qe4 Qf5 47. Qe3 h4 48. Ng4 Kf8 49. Nf2 Rd7 50. Kh1 c5 51. Ng4 Rd1+ 52. Kh2
Rd4 53. Ne5 Kg7 54. Nd3 Rxd3 55. Qe7+ Qf7 56. Qe5+ Kh7 0-1

[Event "43. Olimpiada Batumi 2018 Femenina"]
[Site "Batumi GEO"]
[Date "2018.10.05"]
[Round "11.3"]
[White "Gara, Ticia"]
[Black "Krivec, Jana"]
[Result "1-0"]
[WhiteElo "2321"]
[BlackElo "2185"]
[PlyCount "67"]
[EventDate "2018.09.24"]
[EventType "team-swiss"]
[EventRounds "11"]
[EventCountry "GEO"]
[SourceTitle "Ajedrez en Madrid"]
[Source "lmi"]
[SourceDate "2018.09.24"]
[WhiteTeam "Hungary"]
[BlackTeam "Slovenia"]
[WhiteTeamCountry "HUN"]
[BlackTeamCountry "SLO"]

1. Nf3 f5 2. g3 Nf6 3. Bg2 d6 4. c4 e5 5. O-O Be7 6. Nc3 O-O 7. d3 Qe8 8. a3
Qh5 9. Nd5 Nxd5 10. cxd5 f4 11. Nd2 g5 12. Ne4 c5 13. b4 b6 14. bxc5 bxc5 15.
Rb1 Bg4 16. f3 Bc8 17. Qa4 Qe8 18. Qxe8 Rxe8 19. Bd2 Bf5 20. Ba5 Na6 21. Rb7
Kf8 22. Rfb1 Rec8 23. Rxe7 Kxe7 24. Rb7+ Bd7 25. Bh3 Nb8 26. Nxg5 Rg8 27. Ne4
fxg3 28. hxg3 Rg6 29. Bf5 Rh6 30. Bd2 Rg6 31. Bxg6 hxg6 32. Bg5+ Kf8 33. Nf6
Bc8 34. Bh6# 1-0

[Event "43. Olimpiada Batumi 2018 Femenina"]
[Site "Batumi GEO"]
[Date "2018.10.05"]
[Round "11.4"]
[White "Vidic, Teja"]
[Black "Terbe, Julianna"]
[Result "0-1"]
[WhiteElo "2116"]
[BlackElo "2260"]
[PlyCount "170"]
[EventDate "2018.09.24"]
[EventType "team-swiss"]
[EventRounds "11"]
[EventCountry "GEO"]
[SourceTitle "Ajedrez en Madrid"]
[Source "lmi"]
[SourceDate "2018.09.24"]
[WhiteTeam "Slovenia"]
[BlackTeam "Hungary"]
[WhiteTeamCountry "SLO"]
[BlackTeamCountry "HUN"]

1. e4 c5 2. Nf3 Nc6 3. d4 cxd4 4. Nxd4 Nf6 5. Nc3 e5 6. Ndb5 d6 7. Bg5 a6 8.
Na3 b5 9. Nd5 Be7 10. Bxf6 Bxf6 11. c4 b4 12. Nc2 O-O 13. h4 a5 14. g3 Be6 15.
Bh3 a4 16. b3 Be7 17. Kf1 Rb8 18. Kg2 Qd7 19. Qd3 Bd8 20. Rad1 Qa7 21. Qe3 Bxd5
22. Rxd5 Bb6 23. Qf3 Bc5 24. h5 h6 25. Ne3 Nd4 26. Qg4 Qe7 27. Nf5 Nxf5 28.
Qxf5 axb3 29. axb3 Ra8 30. Qd7 Qf6 31. Qf5 Qxf5 32. Bxf5 Ra2 33. Rf1 Rd8 34.
Rdd1 Bd4 35. Bg4 Kf8 36. Rde1 Ke7 37. Re2 Rda8 38. f4 Ra1 39. Ree1 Rxe1 40.
Rxe1 Ra2+ 41. Kh3 Rc2 42. Bd1 Rc3 43. Kg2 Rd3 44. fxe5 Bxe5 45. g4 Ke6 46. Rf1
Bd4 47. c5 Rd2+ 48. Kf3 Bxc5 49. Be2 Ke5 50. Rd1 Rxd1 51. Bxd1 g6 52. hxg6 fxg6
53. Be2 Kf6 54. Bc4 Kg5 55. Kg3 Bd4 56. Bd5 Be5+ 57. Kh3 Kf4 58. Bc6 Kf3 59.
Kh4 Kf4 60. Bd5 Bf6+ 61. Kh3 g5 62. Bc6 Be5 63. Bd5 Kf3 64. Bc6 h5 65. Bd7
hxg4+ 66. Bxg4+ Kxe4 67. Kg2 d5 68. Bf3+ Kd4 69. Kf2 Bf4 70. Ke2 Bc1 71. Kf2
Bf4 72. Ke2 Ke5 73. Kd3 Bc1 74. Be2 d4 75. Bh5 Bb2 76. Ke2 Kf4 77. Kf2 d3 78.
Ke1 Bc3+ 79. Kf2 g4 80. Bg6 Bd4+ 81. Kg2 Ke3 82. Bf5 Ke2 83. Bxg4+ Ke1 84. Kf3
d2 85. Ke4 Bc3 0-1

[Event "43. Olimpiada Batumi 2018 Femenina"]
[Site "Batumi GEO"]
[Date "2018.10.05"]
[Round "11.1"]
[White "Socko, Monika"]
[Black "Vega Gutierrez, Sabrina"]
[Result "1-0"]
[WhiteElo "2446"]
[BlackElo "2404"]
[PlyCount "102"]
[EventDate "2018.09.24"]
[EventType "team-swiss"]
[EventRounds "11"]
[EventCountry "GEO"]
[SourceTitle "Ajedrez en Madrid"]
[Source "lmi"]
[SourceDate "2018.09.24"]
[WhiteTeam "Poland"]
[BlackTeam "Spain"]
[WhiteTeamCountry "POL"]
[BlackTeamCountry "ESP"]

1. d4 d5 2. c4 e6 3. Nf3 c6 4. e3 f5 5. Bd3 Nf6 6. O-O Bd6 7. b3 Qe7 8. Bb2 O-O
9. Nc3 b6 10. Rc1 Ne4 11. Ne2 Bb7 12. Ne5 Nd7 13. f3 Nec5 14. Bb1 Nxe5 15. dxe5
Bc7 16. cxd5 exd5 17. f4 Ne4 18. Nd4 c5 19. Nb5 Bb8 20. b4 a6 21. Bxe4 fxe4 22.
Nd6 Bxd6 23. exd6 Qxd6 24. bxc5 bxc5 25. Ba3 Rac8 26. Qb3 Rf7 27. Rfd1 Qe7 28.
Qb6 Qf6 29. Bxc5 Qxb6 30. Bxb6 Rxc1 31. Rxc1 Rf6 32. Bd4 Rc6 33. Rb1 Bc8 34. h3
Kf7 35. Kh2 g6 36. Rb2 Bd7 37. Rb7 Ke8 38. g4 h5 39. Kg3 hxg4 40. hxg4 Rc1 41.
f5 gxf5 42. g5 Rf1 43. Kg2 Rf3 44. g6 f4 45. g7 Rg3+ 46. Kf2 Bc8 47. Rb8 Kd7
48. exf4 Rg4 49. f5 Kc7 50. Be5+ Kd7 51. f6 d4 1-0

[Event "43. Olimpiada Batumi 2018 Femenina"]
[Site "Batumi GEO"]
[Date "2018.10.05"]
[Round "11.2"]
[White "Garcia Martin, Marta"]
[Black "Zawadzka, Jolanta"]
[Result "1-0"]
[WhiteElo "2329"]
[BlackElo "2424"]
[PlyCount "87"]
[EventDate "2018.09.24"]
[EventType "team-swiss"]
[EventRounds "11"]
[EventCountry "GEO"]
[SourceTitle "Ajedrez en Madrid"]
[Source "lmi"]
[SourceDate "2018.09.24"]
[WhiteTeam "Spain"]
[BlackTeam "Poland"]
[WhiteTeamCountry "ESP"]
[BlackTeamCountry "POL"]

1. e4 c5 2. Nf3 d6 3. d4 cxd4 4. Nxd4 Nf6 5. Nc3 a6 6. f3 e5 7. Nb3 Be6 8. Be3
Be7 9. Qd2 h5 10. Nd5 Bxd5 11. exd5 Nbd7 12. Be2 Qc7 13. Rc1 a5 14. a4 O-O 15.
Bb5 Nc5 16. O-O Nfd7 17. Nxc5 Nxc5 18. Qe2 f5 19. f4 g6 20. Qc4 e4 21. c3 Rac8
22. Rcd1 Qd8 23. Qe2 Bf6 24. g3 Rf7 25. Rf2 Qf8 26. Rg2 Re7 27. h3 Rh7 28. Rd2
Nb3 29. Rc2 Rhc7 30. Qd1 Rh7 31. g4 fxg4 32. hxg4 h4 33. Rce2 Nc5 34. Bxc5 Rxc5
35. Rxe4 Re7 36. Rge2 Rcc7 37. g5 Rxe4 38. Rxe4 Re7 39. Qe2 Rxe4 40. Qxe4 Bg7
41. Bd7 Kh7 42. f5 gxf5 43. Bxf5+ Kg8 44. Be6+ 1-0

[Event "43. Olimpiada Batumi 2018 Femenina"]
[Site "Batumi GEO"]
[Date "2018.10.05"]
[Round "11.3"]
[White "Szczepkowska, Karina"]
[Black "Matnadze, Ana"]
[Result "1-0"]
[WhiteElo "2407"]
[BlackElo "2362"]
[PlyCount "81"]
[EventDate "2018.09.24"]
[EventType "team-swiss"]
[EventRounds "11"]
[EventCountry "GEO"]
[SourceTitle "Ajedrez en Madrid"]
[Source "lmi"]
[SourceDate "2018.09.24"]
[WhiteTeam "Poland"]
[BlackTeam "Spain"]
[WhiteTeamCountry "POL"]
[BlackTeamCountry "ESP"]

1. d4 Nf6 2. c4 e6 3. Nf3 b6 4. g3 Bb7 5. Bg2 Bb4+ 6. Bd2 Be7 7. O-O O-O 8. Nc3
d5 9. cxd5 exd5 10. Bf4 c6 11. Re1 Ne4 12. Qc2 f5 13. Nxe4 fxe4 14. Ne5 Bg5 15.
Bxg5 Qxg5 16. Bxe4 g6 17. Bg2 Na6 18. h4 Qf6 19. e4 Rad8 20. Rad1 dxe4 21. Bxe4
Nb4 22. Qb3+ Nd5 23. Ng4 Qg7 24. Bxd5+ cxd5 25. Qa3 Rd7 26. Ne5 Rc7 27. Rc1 Re7
28. Re3 Re6 29. Qc3 Re7 30. Qa3 Re6 31. Qxa7 Ref6 32. Ng4 R6f7 33. Qxb6 Bc8 34.
Ne5 Rb7 35. Qd6 Bh3 36. Qxd5+ Kh8 37. g4 Rxb2 38. Rxh3 Rbxf2 39. Rf3 R2xf3 40.
Nxf3 Re8 41. Qe5 1-0

[Event "43. Olimpiada Batumi 2018 Femenina"]
[Site "Batumi GEO"]
[Date "2018.10.05"]
[Round "11.4"]
[White "Hernandez Estevez, Yudania"]
[Black "Kulon, Klaudia"]
[Result "1-0"]
[WhiteElo "2192"]
[BlackElo "2347"]
[PlyCount "107"]
[EventDate "2018.09.24"]
[EventType "team-swiss"]
[EventRounds "11"]
[EventCountry "GEO"]
[SourceTitle "Ajedrez en Madrid"]
[Source "lmi"]
[SourceDate "2018.09.24"]
[WhiteTeam "Spain"]
[BlackTeam "Poland"]
[WhiteTeamCountry "ESP"]
[BlackTeamCountry "POL"]

1. e4 c5 2. Nf3 Nc6 3. Bb5 g6 4. Bxc6 dxc6 5. d3 Bg7 6. h3 Nf6 7. Nc3 O-O 8.
Be3 b6 9. Qd2 e5 10. Bh6 Qd6 11. O-O Nh5 12. Bxg7 Kxg7 13. Ne2 f5 14. Qc3 fxe4
15. dxe4 Qf6 16. Ng3 Nxg3 17. fxg3 Ba6 18. Rfe1 Rfe8 19. a4 c4 20. Rad1 Qe7 21.
Kh2 b5 22. Qa5 Qb7 23. axb5 Bxb5 24. Rd6 Re7 25. Red1 Rae8 26. Qc3 Kg8 27. Qe3
Qc7 28. R1d2 a5 29. Qh6 c3 30. bxc3 c5 31. Ng5 a4 32. Rf6 Rg7 33. Rdf2 Qe7 34.
Rf7 Rxf7 35. Rxf7 Qxf7 36. Nxf7 Kxf7 37. Qxh7+ Kf6 38. Qb7 Be2 39. Qc6+ Re6 40.
Qxa4 Bd1 41. g4 Rd6 42. Kg3 Rd3+ 43. Kh4 g5+ 44. Kh5 Rd6 45. Qe8 Bxc2 46. h4
Rd1 47. hxg5+ Kg7 48. Qe7+ Kg8 49. g6 Rh1+ 50. Kg5 Bb3 51. Qd8+ Kg7 52. Qc7+
Kh8 53. Qxe5+ Kg8 54. Qb8+ 1-0

[Event "43. Olimpiada Batumi 2018 Femenina"]
[Site "Batumi GEO"]
[Date "2018.10.05"]
[Round "11.1"]
[White "Danielian, Elina"]
[Black "Dzagnidze, Nana"]
[Result "0-1"]
[WhiteElo "2409"]
[BlackElo "2509"]
[PlyCount "56"]
[EventDate "2018.09.24"]
[EventType "team-swiss"]
[EventRounds "11"]
[EventCountry "GEO"]
[SourceTitle "Ajedrez en Madrid"]
[Source "lmi"]
[SourceDate "2018.09.24"]
[WhiteTeam "Armenia"]
[BlackTeam "Georgia 1"]
[WhiteTeamCountry "ARM"]

1. d4 Nf6 2. c4 e6 3. Nc3 Bb4 4. e3 b6 5. Bd3 Bb7 6. Nf3 O-O 7. O-O d5 8. cxd5
exd5 9. Ne5 Re8 10. Bd2 Bf8 11. Rc1 c5 12. f4 Nc6 13. Be1 cxd4 14. Nxc6 Bxc6
15. exd4 Ne4 16. Qg4 g6 17. Bh4 Qd6 18. f5 Bg7 19. fxg6 fxg6 20. Kh1 Bd7 21.
Qd1 Kh8 22. Nb5 Bxb5 23. Bxb5 Rf8 24. Qd3 Rxf1+ 25. Rxf1 Rf8 26. Rxf8+ Qxf8 27.
Bc6 Qf4 28. Be1 Qc1 0-1

[Event "43. Olimpiada Batumi 2018 Femenina"]
[Site "Batumi GEO"]
[Date "2018.10.05"]
[Round "11.2"]
[White "Javakhishvili, Lela"]
[Black "Mkrtchian, Lilit"]
[Result "1-0"]
[WhiteElo "2475"]
[BlackElo "2384"]
[PlyCount "71"]
[EventDate "2018.09.24"]
[EventType "team-swiss"]
[EventRounds "11"]
[EventCountry "GEO"]
[SourceTitle "Ajedrez en Madrid"]
[Source "lmi"]
[SourceDate "2018.09.24"]
[WhiteTeam "Georgia 1"]
[BlackTeam "Armenia"]
[BlackTeamCountry "ARM"]

1. Nf3 d5 2. d3 Nc6 3. g3 e5 4. Bg2 Be6 5. c3 Qd7 6. b4 f6 7. h4 a5 8. b5 Nd8
9. a4 Nf7 10. Nbd2 Ngh6 11. Qc2 Ng4 12. O-O Be7 13. e4 f5 14. exd5 Bxd5 15. c4
Be6 16. Bb2 O-O 17. d4 f4 18. gxf4 Bf5 19. Qb3 exf4 20. Rae1 Rae8 21. Ne4 b6
22. c5 Be6 23. Qc2 Qd8 24. d5 Qxd5 25. Qc3 Bf6 26. Nxf6+ Nxf6 27. Nd4 Qd7 28.
Nxe6 Rxe6 29. Bh3 Rfe8 30. Rxe6 Rxe6 31. Qb3 Nd5 32. Rd1 Rg6+ 33. Kh2 Qe7 34.
Qxd5 h6 35. Qh5 Nh8 36. Bf5 1-0

[Event "43. Olimpiada Batumi 2018 Femenina"]
[Site "Batumi GEO"]
[Date "2018.10.05"]
[Round "11.3"]
[White "Sargsyan, Anna M"]
[Black "Batsiashvili, Nino"]
[Result "1/2-1/2"]
[WhiteElo "2331"]
[BlackElo "2482"]
[PlyCount "119"]
[EventDate "2018.09.24"]
[EventType "team-swiss"]
[EventRounds "11"]
[EventCountry "GEO"]
[SourceTitle "Ajedrez en Madrid"]
[Source "lmi"]
[SourceDate "2018.09.24"]
[WhiteTeam "Armenia"]
[BlackTeam "Georgia 1"]
[WhiteTeamCountry "ARM"]

1. Nf3 Nf6 2. d4 e6 3. e3 b6 4. Bd3 Bb7 5. O-O d5 6. b3 Bd6 7. Bb2 O-O 8. Ne5
c5 9. Qe2 Nc6 10. a3 Qc7 11. f4 Ne7 12. c4 Ne4 13. dxc5 bxc5 14. cxd5 exd5 15.
Bxe4 dxe4 16. Nd2 f6 17. Nec4 Rad8 18. Rac1 Nf5 19. Rfd1 Be7 20. Nb1 Rxd1+ 21.
Rxd1 Rd8 22. Nc3 Bc6 23. Kf2 Rxd1 24. Qxd1 Qd8 25. Qxd8+ Bxd8 26. a4 g5 27. g3
gxf4 28. gxf4 Nh6 29. Ba3 Be7 30. Na5 Ba8 31. Nb5 Ng4+ 32. Ke2 Bd8 33. Nc4 a6
34. Nbd6 Nxh2 35. Bxc5 Bc6 36. Nf5 h5 37. a5 Bd7 38. Ng3 Bg4+ 39. Kf2 f5 40. b4
h4 41. Nf1 Nf3 42. Ncd2 h3 43. Nxf3 exf3 44. Nh2 Bh4+ 45. Kf1 Bg3 46. b5 Bxh2
47. bxa6 f2 48. Kxf2 Bg1+ 49. Kxg1 Bf3 50. Kh2 Bg2 51. a7 Kf7 52. a8=Q Bxa8 53.
Kxh3 Ke6 54. Kh4 Be4 55. Kg5 Kd7 56. a6 Kc6 57. Bd4 Bd3 58. Kf6 Kc7 59. Ke5 Kb8
60. a7+ 1/2-1/2

[Event "43. Olimpiada Batumi 2018 Femenina"]
[Site "Batumi GEO"]
[Date "2018.10.05"]
[Round "11.4"]
[White "Khotenashvili, Bela"]
[Black "Ghukasyan, Siranush"]
[Result "1/2-1/2"]
[WhiteElo "2469"]
[BlackElo "2205"]
[PlyCount "116"]
[EventDate "2018.09.24"]
[EventType "team-swiss"]
[EventRounds "11"]
[EventCountry "GEO"]
[SourceTitle "Ajedrez en Madrid"]
[Source "lmi"]
[SourceDate "2018.09.24"]
[WhiteTeam "Georgia 1"]
[BlackTeam "Armenia"]
[BlackTeamCountry "ARM"]

1. b3 e5 2. Bb2 Nc6 3. c4 Nf6 4. d3 g6 5. g3 Bg7 6. Bg2 d6 7. Nc3 O-O 8. e3 Be6
9. Nge2 Qd7 10. Nd5 Bh3 11. Bf3 Ne8 12. Nec3 Nd8 13. Qd2 c6 14. Nb4 a5 15. Nc2
Rb8 16. d4 exd4 17. Nxd4 Ne6 18. O-O-O Nxd4 19. exd4 b5 20. d5 b4 21. Na4 c5
22. Qf4 Qf5 23. Qxf5 Bxf5 24. Rde1 Bxb2+ 25. Nxb2 Nf6 26. Re7 Rfe8 27. Ra7 Ra8
28. Rxa8 Rxa8 29. Re1 Kf8 30. Kd2 Re8 31. Rxe8+ Kxe8 32. Nd1 g5 33. Be2 Ne4+
34. Kc1 Ke7 35. f3 Nf6 36. Ne3 Bg6 37. Kd2 Nd7 38. Bd1 f5 39. f4 gxf4 40. gxf4
Nf6 41. Bc2 Ne4+ 42. Bxe4 fxe4 43. Ke2 Kf6 44. Kf2 Bh5 45. Kf1 Be8 46. Kf2 a4
47. bxa4 Bxa4 48. Kg3 Be8 49. Kg4 h6 50. Kh4 Bg6 51. Kg4 Be8 52. Kh4 h5 53. Kg3
Bd7 54. Kh4 Kg6 55. Kg3 Kf6 56. Kh4 Kg6 57. Kg3 Kf6 58. Kh4 Kg6 1/2-1/2

[Event "43. Olimpiada Batumi 2018 Femenina"]
[Site "Batumi GEO"]
[Date "2018.10.05"]
[Round "11.1"]
[White "Munguntuul, Batkhuyag"]
[Black "Harika, Dronavalli"]
[Result "1/2-1/2"]
[WhiteElo "2422"]
[BlackElo "2500"]
[PlyCount "144"]
[EventDate "2018.09.24"]
[EventType "team-swiss"]
[EventRounds "11"]
[EventCountry "GEO"]
[SourceTitle "Ajedrez en Madrid"]
[Source "lmi"]
[SourceDate "2018.09.24"]
[WhiteTeam "Mongolia"]
[BlackTeam "India"]
[WhiteTeamCountry "MGL"]
[BlackTeamCountry "IND"]

1. e4 c6 2. d4 d5 3. e5 Bf5 4. h4 h5 5. Bd3 Bxd3 6. Qxd3 e6 7. Bg5 Be7 8. Nf3
Nh6 9. Nbd2 Nf5 10. Nf1 c5 11. dxc5 Nd7 12. Ne3 Qa5+ 13. Qd2 Qxd2+ 14. Kxd2
Nxe3 15. Bxe3 Nxc5 16. Ke2 Rc8 17. Rhc1 Nd7 18. Bd4 a6 19. g3 Rc6 20. c3 Bd8
21. Ne1 Bb6 22. Nd3 Ke7 23. Nf4 Rhc8 24. Rd1 g6 25. Rd2 Nc5 26. Bxc5+ Rxc5 27.
Kf1 Rc4 28. Rad1 Ke8 29. Ne2 Ba7 30. Nd4 b5 31. a3 Rb8 32. Nb3 Bb6 33. Nd4 Bc7
34. f4 Bb6 35. Kg2 Ba7 36. Nb3 Bb6 37. Nd4 Bd8 38. Kf3 a5 39. Nc2 Bb6 40. Rd3
Ba7 41. R1d2 Rc7 42. Rd1 Bc5 43. Ra1 Ba7 44. Rad1 Kf8 45. Ra1 Rc4 46. Rad1 Bb6
47. Nd4 Bxd4 48. Rxd4 Rc7 49. R1d2 Ke7 50. Kf2 b4 51. axb4 axb4 52. cxb4 Rcb7
53. Rc2 Rxb4 54. Rxb4 Rxb4 55. Ke3 Rb3+ 56. Kf2 Rb7 57. Ke3 f6 58. Kd4 Rb4+ 59.
Kc5 Rb3 60. Rg2 fxe5 61. fxe5 Re3 62. b4 Rxe5 63. b5 d4+ 64. Kc6 d3 65. Rd2 Rd5
66. b6 Rd6+ 67. Kc7 Rd7+ 68. Kc6 Rd6+ 69. Kc7 Rd7+ 70. Kc6 Rd6+ 71. Kc7 Rd7+
72. Kc6 Rd6+ 1/2-1/2

[Event "43. Olimpiada Batumi 2018 Femenina"]
[Site "Batumi GEO"]
[Date "2018.10.05"]
[Round "11.2"]
[White "Tania, Sachdev"]
[Black "Nomin-Erdene, Davaademberel"]
[Result "1-0"]
[WhiteElo "2400"]
[BlackElo "2377"]
[PlyCount "119"]
[EventDate "2018.09.24"]
[EventType "team-swiss"]
[EventRounds "11"]
[EventCountry "GEO"]
[SourceTitle "Ajedrez en Madrid"]
[Source "lmi"]
[SourceDate "2018.09.24"]
[WhiteTeam "India"]
[BlackTeam "Mongolia"]
[WhiteTeamCountry "IND"]
[BlackTeamCountry "MGL"]

1. d4 d5 2. c4 c6 3. Nf3 Nf6 4. Nc3 dxc4 5. a4 Bf5 6. Ne5 Nbd7 7. Nxc4 Qc7 8.
g3 e5 9. dxe5 Nxe5 10. Bf4 Nfd7 11. Bg2 f6 12. O-O O-O-O 13. Ne3 Be6 14. Qc2
Nc5 15. Rfd1 Rxd1+ 16. Rxd1 a5 17. h4 Kb8 18. Rc1 Bb3 19. Qf5 Be7 20. h5 Bf7
21. h6 g6 22. Bxe5 Qxe5 23. Qxe5+ fxe5 24. Ng4 Nd7 25. Bf3 Be6 26. Ne4 Rd8 27.
e3 Kc7 28. Kg2 Rf8 29. Nc3 Kc8 30. Rd1 Bb4 31. Rc1 Kd8 32. Ne4 Bb3 33. Ng5 Be7
34. Ne4 Bxa4 35. Ra1 Bc2 36. Nd2 Bb4 37. Nc4 e4 38. Bd1 Bxd1 39. Rxd1 Ke7 40.
Rd4 Nc5 41. Kf1 Ke6 42. Kg2 Kf5 43. Nge5 Kg5 44. Nd7 Nxd7 45. Rxd7 Kxh6 46. Ne5
b6 47. Nxc6 Be1 48. Ne5 Rxf2+ 49. Kh3 Kg5 50. Rd5 Rf5 51. g4 Rf1 52. Nd7+ Kh6
53. g5+ Kg7 54. Nf6 Kf7 55. Nxe4 Ke6 56. Rb5 Rf3+ 57. Kg4 Rxe3 58. Kf4 Re2 59.
Re5+ Kf7 60. Nd6+ 1-0

[Event "43. Olimpiada Batumi 2018 Femenina"]
[Site "Batumi GEO"]
[Date "2018.10.05"]
[Round "11.3"]
[White "Munkhzul, Turmunkh"]
[Black "Karavade, Eesha"]
[Result "1/2-1/2"]
[WhiteElo "2149"]
[BlackElo "2374"]
[PlyCount "71"]
[EventDate "2018.09.24"]
[EventType "team-swiss"]
[EventRounds "11"]
[EventCountry "GEO"]
[SourceTitle "Ajedrez en Madrid"]
[Source "lmi"]
[SourceDate "2018.09.24"]
[WhiteTeam "Mongolia"]
[BlackTeam "India"]
[WhiteTeamCountry "MGL"]
[BlackTeamCountry "IND"]

1. e4 c5 2. Nf3 d6 3. d4 cxd4 4. Nxd4 Nf6 5. Nc3 a6 6. Be3 e5 7. Nb3 Be6 8. f3
h5 9. Nd5 Bxd5 10. exd5 Nbd7 11. Be2 g6 12. O-O Bg7 13. Qd2 O-O 14. Na5 Qc7 15.
c4 b6 16. Nc6 a5 17. a4 Nc5 18. Bxc5 bxc5 19. Ra3 Nd7 20. Rb3 Nb8 21. Nxb8
Rfxb8 22. Rb5 Re8 23. Bd3 Reb8 24. Ra1 Rxb5 25. axb5 Qb6 26. Ra3 Ra7 27. b3 Qd8
28. g3 Kh7 29. Kg2 Bh6 30. Qe1 Kg8 31. Ra2 Kf8 32. Qf2 Re7 33. Qe1 Ra7 34. Qf2
Re7 35. Qe1 Ra7 36. Qf2 1/2-1/2

[Event "43. Olimpiada Batumi 2018 Femenina"]
[Site "Batumi GEO"]
[Date "2018.10.05"]
[Round "11.4"]
[White "Padmini, Rout"]
[Black "Yanjindulam, Dulamsuren"]
[Result "1-0"]
[WhiteElo "2338"]
[BlackElo "2123"]
[PlyCount "129"]
[EventDate "2018.09.24"]
[EventType "team-swiss"]
[EventRounds "11"]
[EventCountry "GEO"]
[SourceTitle "Ajedrez en Madrid"]
[Source "lmi"]
[SourceDate "2018.09.24"]
[WhiteTeam "India"]
[BlackTeam "Mongolia"]
[WhiteTeamCountry "IND"]
[BlackTeamCountry "MGL"]

1. e4 d6 2. d4 Nf6 3. Nc3 c6 4. f3 e5 5. dxe5 dxe5 6. Qxd8+ Kxd8 7. Bc4 Be6 8.
Bxe6 fxe6 9. Be3 Nbd7 10. O-O-O Bb4 11. Nb1 Ke7 12. Nd2 b5 13. Nh3 a5 14. Nf2
a4 15. Nd3 Bd6 16. c4 Rhc8 17. Kc2 c5 18. cxb5 c4 19. Nc1 Rab8 20. Ne2 Rxb5 21.
Nc3 Ra5 22. a3 Ra6 23. Rhe1 Rcc6 24. Bg1 Bc5 25. Bxc5+ Rxc5 26. Nf1 Nb8 27. Rd2
Nc6 28. Red1 Ra8 29. Ne3 Ra7 30. Kb1 h6 31. Nc2 Ra8 32. Nb4 Nd4 33. Ne2 Nb5 34.
Na2 g5 35. Nac3 Nxc3+ 36. Nxc3 Rc7 37. Rd6 Nd7 38. Kc2 Nc5 39. Rb6 Nd3 40. Na2
Rac8 41. Kc3 Rd8 42. Rd2 Rdd7 43. Nb4 Ne1 44. Nc6+ Kf6 45. Re2 Rd1 46. Kxc4
Rc1+ 47. Kb5 Nd3 48. Nb4 R1c5+ 49. Kxa4 Rc4 50. Rd2 Rd7 51. Kb3 Nc1+ 52. Kxc4
Rxd2 53. Nd5+ Kf7 54. Rb7+ Kf8 55. Nc3 Rxg2 56. a4 Rd2 57. a5 Rd4+ 58. Kc5 Nd3+
59. Kc6 Rc4+ 60. Kd6 Nxb2 61. Rxb2 Rxc3 62. Ra2 Kf7 63. a6 Rd3+ 64. Kxe5 Rd8
65. a7 1-0

[Event "43. Olimpiada Batumi 2018 Femenina"]
[Site "Batumi GEO"]
[Date "2018.10.05"]
[Round "11.1"]
[White "Olsarova, Karolina"]
[Black "Melia, Salome"]
[Result "1/2-1/2"]
[WhiteElo "2303"]
[BlackElo "2391"]
[PlyCount "125"]
[EventDate "2018.09.24"]
[EventType "team-swiss"]
[EventRounds "11"]
[EventCountry "GEO"]
[SourceTitle "Ajedrez en Madrid"]
[Source "lmi"]
[SourceDate "2018.09.24"]
[WhiteTeam "Czech Republic"]
[BlackTeam "Georgia 2"]
[WhiteTeamCountry "CZE"]

1. d4 d5 2. Bf4 Nf6 3. e3 c5 4. Nd2 Nc6 5. c3 Bg4 6. Qb3 Qc8 7. h3 c4 8. Qa4 b5
9. Qc2 Bf5 10. Qc1 e6 11. Ngf3 h6 12. Be2 Be7 13. Ne5 Ne4 14. O-O O-O 15. Re1
Nxe5 16. Bxe5 Qc6 17. Nxe4 Bxe4 18. Bd1 Bd6 19. Bxd6 Qxd6 20. Bc2 Bxc2 21. Qxc2
Rab8 22. e4 dxe4 23. Rxe4 Rfd8 24. Qe2 Qc6 25. Re5 Rd5 26. Re1 b4 27. Rxd5 Qxd5
28. Qe5 Qxe5 29. dxe5 bxc3 30. bxc3 Rb2 31. Re4 Rxa2 32. Rxc4 Rc2 33. g4 g5 34.
Kg2 a5 35. Kg3 a4 36. Rxa4 Rxc3+ 37. f3 Rc5 38. Re4 Rc3 39. Ra4 Rc5 40. Re4 Rc3
41. Kf2 Kg7 42. Re3 Rc1 43. Kg3 Rg1+ 44. Kh2 Rc1 45. h4 Rc4 46. Kg3 Ra4 47. Rb3
Rc4 48. h5 Ra4 49. Kf2 Ra5 50. Re3 Ra2+ 51. Kg3 Ra4 52. Rc3 Rb4 53. Ra3 Rc4 54.
Kf2 Rc5 55. Re3 Rc4 56. Ke2 Rd4 57. Rd3 Rb4 58. Ke3 Ra4 59. Rd4 Ra3+ 60. Ke4
Ra1 61. Rd3 Ra4+ 62. Ke3 Rb4 63. Rc3 1/2-1/2

[Event "43. Olimpiada Batumi 2018 Femenina"]
[Site "Batumi GEO"]
[Date "2018.10.05"]
[Round "11.2"]
[White "Charkhalashvili, Inga"]
[Black "Worek, Joanna"]
[Result "1-0"]
[WhiteElo "2317"]
[BlackElo "2295"]
[PlyCount "93"]
[EventDate "2018.09.24"]
[EventType "team-swiss"]
[EventRounds "11"]
[EventCountry "GEO"]
[SourceTitle "Ajedrez en Madrid"]
[Source "lmi"]
[SourceDate "2018.09.24"]
[WhiteTeam "Georgia 2"]
[BlackTeam "Czech Republic"]
[BlackTeamCountry "CZE"]

1. d4 Nf6 2. c4 e6 3. Nf3 Bb4+ 4. Bd2 a5 5. g3 d6 6. Bg2 Nbd7 7. O-O e5 8. e3
O-O 9. Bc1 a4 10. a3 Ba5 11. Qxa4 c5 12. Qc2 Re8 13. b3 Nf8 14. dxe5 dxe5 15.
Bb2 Ng6 16. Nc3 Bxc3 17. Bxc3 Bd7 18. Rfd1 Qc8 19. Nd2 h5 20. Ne4 Nxe4 21. Bxe4
Ra6 22. Rd2 Rf6 23. b4 Nf8 24. b5 Rh6 25. a4 h4 26. a5 f5 27. Bd5+ Kh8 28. Qb2
Qc7 29. a6 bxa6 30. bxa6 Rb6 31. Qc2 Qa7 32. Qd1 Re7 33. Ra5 Be8 34. Qa1 f4 35.
Rb2 Rxb2 36. Qxb2 Bf7 37. Bxe5 Bxd5 38. cxd5 fxe3 39. fxe3 hxg3 40. hxg3 Nd7
41. Bf4 Nb6 42. Rxc5 Qxa6 43. d6 Rb7 44. Qb1 Kg8 45. Qb3+ Kh7 46. Rh5+ Kg6 47.
Qe6+ 1-0